Films mal décrits #6 - Spéciale SF - Statistiques

Statistiques générales
  • Ce quiz a été pris 12 374 fois
  • Le résultat moyen est 6 sur 15
Statistiques - réponses
Synopsis bancal Film % Correct
Un américain capitaliste veut détruire un arbre dans lequel habitent des gens bleus Avatar
96%
Des enfants avec des vélos qui volent sauvent une créature étrange qui ne sait dire que deux mots E.T. l'extraterrestre
84%
Un jeune homme doit empêcher sa mère de le pécho car il a sauvé son père d'un accident de voiture Retour vers le futur
70%
Un homme vit dans une téléréalité sans même le savoir The Truman Show
68%
Un flic méfiant envers les machines va finalement sauver un robot qui rêve I, Robot
39%
Un biologiste qui voulait faire le kéké va se changer en insecte La Mouche
38%
Un policier pas très expressif venge son concepteur Robocop
35%
Un film où on voit d'abord toutes les scènes à l'envers puis on comprend ce qu'il se passe Tenet
33%
Un biologiste qui connaît Shrek par cœur étudie les zombies le jour et dort dans sa baignoire la nuit Je suis une légende
26%
Un ancien enquêteur doit traquer des esclaves-robots très ressemblants aux humains Blade Runner
25%
Un policier doit s'arrêter lui-même après avoir vu dans le futur qu'il tuait quelqu'un Minority Report
23%
Après un crash spatial, des astronautes découvrent dans un désert une espèce terrestre qui est civilisée La Planète des singes
20%
La SNCF sauve une poignée d'humains d'un blizzard permanent Snowpiercer : Le Transperceneige
20%
Un chauve qui fait toujours le même cauchemar retourne dans le temps pour éviter une pandémie L'Armée des 12 singes
12%
Le seul film où les aliens viennent de la terre et pas du ciel (mais ils sont quand même pas gentils) La Guerre des mondes
10%
Aucun quiz correspondant
Distribution des résultats
% des personnes avec chaque résultat
Percentile par nombre de réponses
Votre historique - résultats
Vous n’avez pas pris ce quiz